| 000 | 00880nam a2200241 a 4500 | ||
|---|---|---|---|
| 005 | 20240924064313.0 | ||
| 008 | 040219s2001 mx r 000 0 spa d | ||
| 020 | _a9870001580 | ||
| 035 | _aUPN01000132034 | ||
| 049 | _aCG | ||
| 050 | 4 |
_aLC196 _bG6.3 |
|
| 100 | 1 | _aGonzález de Angelini, Silvia | |
| 245 | 1 | 3 |
_aEl currículum oculto en la escuela : _bla pobreza condiciona pero no determina / _cSilvia González de Angelini, Elena Rio de Landaburu, Silvia Rosales de Vuksanovich. |
| 260 |
_aBuenos Aires : _bLumen-Hvmanitas, _c2001. |
||
| 300 | _a158 p. | ||
| 440 | 0 | _aTrabajo social y educación | |
| 650 | 4 |
_aPedagogía crítica _98121 |
|
| 650 | 4 |
_aEducación _vPlanes y programas _96413 |
|
| 650 | 4 |
_aIgualdad de oportunidades en educación _95002 |
|
| 700 | 1 |
_aRio de Landaburu, Elena, _ecoaut. |
|
| 700 | 1 |
_aRosales de Vuksanovich, Silvia, _ecoaut. |
|
| 905 | _aLibro | ||
| 999 |
_c104189 _d104189 |
||